PRINCIPLES OF PHARMACOLOGY (Record no. 13652)

MARC details
000 -LEADER
fixed length control field 00306nam a22001457a 4500
003 - CONTROL NUMBER IDENTIFIER
control field SGT
082 ## - DEWEY DECIMAL CLASSIFICATION NUMBER
Classification number 615
Item number P17S
100 ## - MAIN ENTRY--PERSONAL NAME
Personal name SHARMA, H. L
245 ## - TITLE STATEMENT
Title PRINCIPLES OF PHARMACOLOGY
250 ## - EDITION STATEMENT
Edition statement 3RD
260 ## - PUBLICATION, DISTRIBUTION, ETC. (IMPRINT)
Place of publication, distribution, etc INDIA
Name of publisher, distributor, etc PARAS
Year of Publication 2017
300 ## - PAGE DESCRIPTION
No. of Pages 995
650 ## - SUBJECT ADDED ENTRY--TOPICAL TERM
Topical term or geographic name as entry element PHARMACOLOGY
942 ## - ADDED ENTRY ELEMENTS (KOHA)
Source of classification or shelving scheme Dewey Decimal Classification
Koha item type Books
942 ## - ADDED ENTRY ELEMENTS (KOHA)
-- 59
Holdings
Withdrawn status Lost status Source of classification or shelving scheme Damaged status Not for loan Collection code Home library Current library Shelving location Date acquired Vendor Name Cost, normal purchase price SGTU Bill Number Total Checkouts Full call number Accession No. (Barcode) Date last seen Date last borrowed Bill Date Koha item type Total Renewals
    Dewey Decimal Classification     MEDICAL SGT Medical Library SGT Medical Library Text Book 05/10/2017 ABC 995.00 SGTU 8371 39 615 P17S FM8753 06/08/2025 28/07/2025 26/06/2017 Books  
    Dewey Decimal Classification     MEDICAL SGT Medical Library SGT Medical Library Text Book 05/10/2017 ABC 995.00 SGTU 8371 57 615 P17S FM8754 27/03/2025 17/03/2025 26/06/2017 Books 2